000 00409cam a2200157ua 4500
020 _cRs.2/-
041 _amal
_h
082 _a894.81209
_bKUN/SA
100 _aKunchunni Menon, .
245 _aSahitya Samputan /
_cKunchunni Menon. K.K.
_hTextual Documents
260 _aTrivandram :
_bKunchunni Menon K.K ,
_c1957.
300 _a224 ; .
365 _aRs.2/-
504 _a
999 _c11742
_d11742